Za ďalší rozvoj nášho včelárstva

Bibliographic Details
Format: Article
Language:Slovak

MARC

LEADER 00000nab a2200000ua 4500
001 vtls010783532
003 SK-MaSNL
005 20260225191403.0
008 230131s1958 xo |||||||||||||||||slo|
035 |a (urnnbn)urn:nbn:sk:snk:ar-a000db 
035 |a (uuid)83469731-164a-4c0f-85a9-a5484694316a 
035 |a urn:nbn:sk:snk-ab4yjz 
040 |a SNKBUCL  |b slo  |c SNKBUCL  |e AACR2 
041 0 |a slo 
044 |a xo  |c SK 
245 0 0 |a Za ďalší rozvoj nášho včelárstva 
773 0 |t Včelár : odborný časopis Povereníctva poľnohospodárstva a lesného hospodárstva a Ústredia včelárskych združení na Slovensku  |g Roč. 32, č. 8 (1958), s. [105] 
954 |a odborná, vedecká literatúra pôvodná (slovenská)  |2 lita 
958 |a OND 
958 |a EUIPO 
958 |a article3 
999 |c 1908010  |d 1909940